000 00693nam a2200253Ia 4500
003 OSt
005 20221005122657.0
006 a|||||r|||| 00| 0
007 ta
008 221004b |||||||| |||| 00| 0 eng d
024 _a62966
037 _cTextual
040 _aCRL
_cCRL
_beng
041 _2eng
_aeng
082 _aV218:72(P33), K1
100 _aSreenivasachar P
_9632425
245 0 _aKannada inscriptions of Andhra Pradesh
260 _c1961
490 _aAndhra Pradesh Government archaeological series; 3
650 _aHISTORY
700 _a Desai P B
942 _hV218:72(P33), K1
_cTEXL
_2cc
999 _c1045055
_d1045055